Personnage mystère #2 - Statistiques

Statistiques générales
  • Ce quiz a été pris 883 fois
  • Le résultat moyen est 5 sur 7
Statistiques - réponses
Lettres Indices % Correct
MEMOH Homme
99%
AMIGE Magie
69%
OCELE École
68%
GATETEBU Baguette
60%
RACILE Éclair
58%
Nom du personnage Harry Potter
58%
SETULENT Lunettes
57%
Aucun quiz correspondant
Distribution des résultats
% des personnes avec chaque résultat
Percentile par nombre de réponses
Votre historique - résultats
Vous n’avez pas pris ce quiz